Personnages de Série - Desperate Housewives - Statistiques

Statistiques générales
  • Ce quiz a été pris 2 691 fois
  • Le résultat moyen est 42 sur 80
Statistiques - réponses
Hint Réponse % Correct
Mayer Susan
99%
Scavo Lynette
98%
Scavo Tom
98%
Van De Kamp Bree
97%
Solis Gabrielle
97%
Mayer Karl
97%
Mayer Julie
96%
Solis Carlos
94%
Delfino Mike
93%
Solis Juanita
92%
Van De Kamp Andrew
89%
Orlofsky Eddie
88%
Scavo Porter
87%
Scavo Preston
87%
Bolen Danny
86%
Young Paul
85%
Van De Kamp Rex
85%
Young Mary-Alice
84%
Hodge Orson
84%
Scavo Parker
84%
Scavo Penny
84%
Solis Celia
83%
Van De Kamp Danielle
80%
Mayfair Katherine
76%
Delfino MJ
75%
Britt Edie
74%
McCluskey Karen
74%
Young Zach
71%
Applewhite Betty
69%
Bolen Angie
65%
Rowland John
63%
Scavo Paige
63%
Williams Dave
61%
Huber Martha
57%
Perry Renée
57%
Faulkner Ben
56%
Huntington Kayla
54%
Applewhite Caleb
52%
Mayfair Dylan
52%
Tilman Felicia
52%
Dermott Lee
49%
Applewhite Matthew
49%
Bolen Nick
48%
Lang Victor
48%
Hunter Bob
47%
Hodge Alma
45%
Solis Ana
43%
Vance Chuck
40%
Greenberg Ida
38%
Scavo Patrick
37%
Logan Patrick
37%
Mayfair Adam
35%
Williams George
34%
Sanchez Grace
32%
Hodge Gloria
30%
Hainsworth Ian
30%
Huntington Nora
30%
Braddock Jackson
29%
Perez Alejandro
25%
Bender Roy
24%
Coletti Rick
22%
Allen Sam
22%
McCann Austin
21%
(nom de famille inconnu) Austin
21%
Watson Keith
20%
Gallagher Robin
20%
McClain (Britt) Travers
20%
Davis Wayne
20%
Scavo Sophie
18%
Flickman Sophie
18%
Bigsby Carolyn
17%
Van De Kamp Phyllis
17%
Weston Trip
17%
Kaminsky Stella
15%
Carlson Jane
12%
Scavo Allison
11%
Taylor Deirdre
11%
Taylor Noah
11%
Solis Juanita II
7%
(nom de famille inconnu) Xiao-Mei
7%
Aucun quiz correspondant
Distribution des résultats
% des personnes avec chaque résultat
Percentile par nombre de réponses
Votre historique - résultats
Vous n’avez pas pris ce quiz